Dictionnaire du droit constitutionnel / (Record no. 2269)

MARC details
000 -LEADER
fixed length control field 01082cam a22003253 4500
001 - CONTROL NUMBER
control field ocn760978241
003 - CONTROL NUMBER IDENTIFIER
control field TZ-ArACH
005 - DATE AND TIME OF LATEST TRANSACTION
control field 20170908091509.0
008 - FIXED-LENGTH DATA ELEMENTS--GENERAL INFORMATION
fixed length control field 111112s2011 fr be 001 0 fre d
020 ## - INTERNATIONAL STANDARD BOOK NUMBER
International Standard Book Number 9782247107872
020 ## - INTERNATIONAL STANDARD BOOK NUMBER
International Standard Book Number 2247107877
035 ## - SYSTEM CONTROL NUMBER
System control number (OCoLC)760978241
040 ## - CATALOGING SOURCE
Original cataloging agency BTCTA
Language of cataloging eng
Transcribing agency TZ-ArACH
Modifying agency CDX
-- LGG
041 ## - LANGUAGE CODE
Language code of text/sound track or separate title Fre
049 ## - LOCAL HOLDINGS (OCLC)
Holding library TZAA
050 #4 - LIBRARY OF CONGRESS CALL NUMBER
Classification number REF KJV4077
Item number .D48
100 1# - MAIN ENTRY--PERSONAL NAME
Personal name De Villiers, Michel.
9 (RLIN) 9833
245 10 - TITLE STATEMENT
Title Dictionnaire du droit constitutionnel /
Statement of responsibility, etc Michel de Villiers, Armel Le Divellec.
250 ## - EDITION STATEMENT
Edition statement 8e éd.
260 ## - PUBLICATION, DISTRIBUTION, ETC. (IMPRINT)
Place of publication, distribution, etc Paris :
Name of publisher, distributor, etc Sirey,
Date of publication, distribution, etc 2011.
300 ## - PHYSICAL DESCRIPTION
Extent x, 399 p. ;
Dimensions 21 cm.
500 ## - GENERAL NOTE
General note "Licence. IEP. Concours administratifs"--Cover.
504 ## - BIBLIOGRAPHY, ETC. NOTE
Bibliography, etc Includes bibliographical references and index.
650 #0 - SUBJECT ADDED ENTRY--TOPICAL TERM
Topical term or geographic name as entry element Constitutional law
Geographic subdivision France
Form subdivision Encyclopedias.
9 (RLIN) 9834
650 #0 - SUBJECT ADDED ENTRY--TOPICAL TERM
Topical term or geographic name as entry element Constitutional history
Geographic subdivision France
Form subdivision Encylopedias.
9 (RLIN) 9835
700 1# - ADDED ENTRY--PERSONAL NAME
Personal name Le Divellec, Armel.
9 (RLIN) 9836
710 12 - ADDED ENTRY--CORPORATE NAME
Corporate name or jurisdiction name as entry element France.
Title of a work Constitution (1958)
9 (RLIN) 9837
830 #0 - SERIES ADDED ENTRY--UNIFORM TITLE
Uniform title Collection Concours administratifs (Sirey : Firm)
9 (RLIN) 9838
942 ## - ADDED ENTRY ELEMENTS (KOHA)
Source of classification or shelving scheme Library of Congress Classification
Koha item type Books
Holdings
Home library Current library Shelving location Date acquired Full call number Barcode Koha item type
African Court on Human and Peoples' Rights Library African Court on Human and Peoples' Rights Library   10/05/2013 REF KJV4077 .D48 10025073 Books

African Court on Human and Peoples' Rights | For Inquiries Contact » +255 272 510 510